Guess the random Taylor Swift Song Lyrics 142 - Statistics

General Stats
  • This quiz has been taken 19 times
  • The average score is 187 of 347
Answer Stats
Answer % Correct
a
100%
I
100%
and
94%
And
94%
you
94%
You
94%
in
88%
in"
88%
your
88%
All
82%
I'm
82%
it
82%
the
82%
when
82%
be
76%
go
76%
He
76%
he
76%
I'll
76%
is
76%
know
76%
love
76%
My
76%
my
76%
on
76%
for
71%
If
71%
if
71%
"It's
71%
it's
71%
say
71%
so
71%
that
71%
to
71%
were
71%
I'd
65%
of
65%
there
65%
Too
65%
"Why
65%
AM
59%
don't
59%
one
59%
this
59%
time
59%
3
53%
at
53%
At
53%
by
53%
can
53%
him
53%
his
53%
His
53%
was
53%
5
47%
head
47%
how
47%
not
47%
out
47%
says
47%
up
47%
call
41%
didn't
41%
every
41%
forever
41%
Forever
41%
just
41%
take
41%
away"
35%
better
35%
down
35%
even
35%
fall
35%
gets
35%
gone
35%
hears
35%
thing
35%
winter
35%
young
35%
days
29%
floor
29%
He's
29%
leave
29%
lights
29%
Long
29%
phase
29%
pieces
29%
please
29%
standin'
29%
summer
29%
sun
29%
these
29%
weren't
29%
won't
29%
anything
24%
around
24%
believe
24%
"Believe
24%
breakin'
24%
comes
24%
doesn't
24%
he'll
24%
life
24%
Live
24%
nights
24%
smiles
24%
used
24%
voice
24%
watch
24%
apartment
18%
beggin'
18%
bomb
18%
breathe
18%
checkin'
18%
darkest
18%
death
18%
decide
18%
disarm
18%
getting
18%
gravity
18%
hard
18%
instead
18%
laugh
18%
most
18%
much
18%
neverminds
18%
pacin'
18%
pull
18%
pulled
18%
puzzles
18%
scared
18%
screamin'
18%
solve
18%
spends
18%
symphony
18%
thread
18%
tryna
18%
wasted
18%
wishing
18%
fine
12%
flights
12%
forcing
12%
listening
12%
seems
12%
No matching quizzes found
Score Distribution
Percent of People with Each Score
Percentile by Number Answered
Your Score History
You have not taken this quiz